Valorant Armes (Mis à jour tous les Mois). - Statistiques

Statistiques générales
  • Ce quiz a été pris 903 fois
  • Le résultat moyen est 16 sur 21
Statistiques - réponses
Armes % Correct
Vandal
96%
Ghost
95%
Classic
94%
Phantom
94%
Operator
92%
Odin
89%
Sheriff
89%
Frenzy
86%
Marshal
85%
Shorty
85%
Spectre
85%
Bulldog
81%
Guardian
80%
Ares
79%
Stinger
77%
Bucky
75%
Judge
73%
Outlaw
71%
Melee
62%
Snowball Launcher
12%
Golden Gun
10%
Aucun quiz correspondant
Distribution des résultats
% des personnes avec chaque résultat
Percentile par nombre de réponses
Votre historique - résultats
Vous n’avez pas pris ce quiz